Quizzes
Events
Quiz Creation
Community
Videos
Private Events
Remove Ads
Sign In
Join for FREE
Feedback
Dark Mode
Quiz Categories
Sports
Geography
Music
Movies
Television
Just For Fun
Miscellaneous
History
Literature
Language
Science
Gaming
Entertainment
Religion
Holiday
For Kids
Quiz Lab
Recent
Popular Today
Quiz Kudos Today
Editor Picks
Curator Picks
Quizzes by...
Day
Popularity
Type
Ratings
Length
Year
Community
Subscriptions
Recent Discussions
Orange Saloon
Badges
Playlists
Quests
Create
Leaderboards
Showdown
Live 5
Trivia Bingo
Activity
Puzzle Library
Sporcle Events
Private Events
Virtual Trivia
Globe League
Become a Host
Pub Owners
SporcleCon
Opinionation
Our Games
Videos
Blog
Mobile Apps
Partnerships
Remove Ads and Go Orange
Feedback
Miscellaneous
Crossword
General Knowledge
Baby Names
Logo
Food
Cars
Numbers
Grab Bag
University
College
Popular
Company
Slogans
Restaurants
Justice
Letter
Miscellaneous
Crossword
General Knowledge
Baby Names
Logo
Food
Cars
Numbers
Grab Bag
University
College
Popular
Company
Slogans
Restaurants
Justice
Letter
Random Quiz
Search Sporcle
×
Quiz Lab
Quiz Lab
Miscellaneous
World
Type in answers that appear in a list
Type in answers that appear in a list
Classic
Best Score? Go Orange.
World's Largest Newspapers Stats
Can you name the World's Largest Newspapers?
By
Master0
7m
15 Questions
113 Plays
113 Plays
113 Plays
Comments
Comments
Give Quiz Kudos
Give Quiz Kudos
-
- Ratings
hide this ad
Replay
Link that replays current quiz
Next Quiz
Link to next quiz in quiz playlist
You Got
0%
They Got
Avg Score
17%
Avg Friend Score
Upgrade to see
Score Distribution
Jump to the score distribution portion of the page
Score
0/15
Timer
07:00
0
Plays Today
Circulation
Newspaper
% Correct
2,528,000
USA Today
69%
3,149,000
The Sun
64.6%
2,390,000
The Daily Mail
41.6%
3,867,000
Bild
21.2%
3,516,000
News of the World
18.6%
12,121,000
The Asahi Shimbun
15%
14,067,000
Yomiuri Shimbun
9.7%
2,509,000
People's Daily
8%
Circulation
Newspaper
% Correct
2,378,000
The Chosun Ilbo
6.2%
5,587,000
Mainichi Shimbun
5.3%
4,635,000
Nihon Keizai Shimbun
2.7%
4,512,000
Chunichi Shimbun
2.7%
2,425,000
Tokyo Sports
2.7%
2,757,000
Shankei Shimbun
0%
2,627,000
Kanako Xiaoxi
0%
Quiz Playlist
Details
Report
Send in Message
Add To Playlist
Classic:
Type in answers that appear in a list
Quiz Source
Last Updated: Feb 16, 2017
Quiz Scoreboard
CHALLENGE
Sign Up to Join the Scoreboard
Show All
Scores
Hide
Comments
May contain spoilers
Recently Published
Pick 6: Fruits
by JohnFran
Miscellaneous
15s
Click the 1999 NBA Draft
by nibperrychub
Sports
2m
Alphabetical 'K' Countries by Flag Minefield
by ylime102
Geography
3m
More to Explore
Quiz From the Vault
Featured Blog Post
15 Basketball Trivia Facts You Can Be March Mad About
hide this ad
You Might Also Like...
Tags
Country Quiz
World Quiz
circulation
largest
Newspaper
Today's Top Quizzes in Miscellaneous
Browse Miscellaneous
hide this ad
Today's Top Quizzes in World
Browse World
Top Contributed Quizzes in Miscellaneous
1
Spring Months consonants
2
Pick 6: Vegetables
3
Pick 6: Supreme Pizza
4
Four Seasons
5
Guess the 'S' Things in 3 Words
6
Pick 6: University Mascots
7
The JOE quick-fire general knowledge quiz: Day 166
8
Sporcle Acrostic Puzzle XXXV
9
Guess the 'T' Things in 3 Words
10
Guess the 'V' Things in 3 Words
Explore More
Trending Topics
Kpop
Harry Potter
Anime
Disney
Marvel
Crossword
NBA
Song
Country
Pokémon
Soccer
The Office
Puzzle
WWE
NFL
hide this ad
More By:
Master0
Quiz
Plays
Rating
Category
Featured
Created
Least Intelligent Dog Breeds
476
2.00
Miscellaneous
Dec 8, 2009
Countries with highest Life Expectancy
357
1.67
Geography
Nov 11, 2009
Top Movies of 2009
281
1.00
Entertainment
Nov 28, 2009
The REAL Impossible Quiz
254
1.89
Miscellaneous
Dec 19, 2009
U.S Largest Newspapers
188
2.67
Miscellaneous
Nov 10, 2009
Go to Creator's Profile
Score Distribution
Quiz Creator Spotlight
Master0
Follow
Send a Message
Quizzes Created
-
Created Quiz Play Count
-
More By This Creator
Popular Quizzes Today
1
Find the US States - No Outlines Minefield
2
Countries of Asia Without Outlines Minefield
3
Pick 6: Fruits
4
The Countries of the World
5
Alphabetical 'K' Countries by Flag Minefield
6
Find the US States
7
Match the Book to the Film X
8
Click the 1999 NBA Draft
More Miscellaneous Quizzes
Sunday Crossword: Songs on Repeat
Editor's Pick
Trending Quizzes
Pick 6: Harry Potter
Pick 6: Mountains
Pick 6: NFL Teams
Pick 6: Movie Franchises
Pick 6: Golfers
Recently Updated
Women's Final Four Teams by Year
bhenderson79
Presidents Quartet II
eogle
Anything But Clue(do)
eogle
Anything But Oceanian Capitals
eogle
Anything But 7
eogle
Anything But Thing
eogle
Word Ladder: February 29
pecheneg
Song Title Questions
pecheneg
Women's NCAA Tournament #1 Seeds
pecheneg
Celebrity Mug Shots
pecheneg
Trending Topics
Marvel
Anime
Crossword
Disney
Kpop
Harry Potter
NBA
NFL
Song
WWE
Puzzle
Soccer
Pokémon
Country
The Office
Your Account Isn't Verified!
In order to create a playlist on Sporcle, you need to verify the email address you used during registration. Go to your
Sporcle Settings
to finish the process.
Report this User
Report this user for behavior that violates our
Community Guidelines
.
Details:
Send Report
Go to the Sporcle.com Mobile Site →
Comments